000 00313nam a2200121Ia 4500
008 190216s9999||||xx |||||||||||||| ||und||
100 _aDesai Ssm & Nirmal Bhalerao
245 0 _aEconomic Planning And Policy
260 _bHimalaya Publishing House
_c1986
300 _a557p
650 _aEconomics
942 _cBK
999 _c9783
_d9783